Mr. Family / (Record no. 21999)

000 -LEADER
fixed length control field 00430nam a22001697a 4500
003 - CONTROL NUMBER IDENTIFIER
control field OSt
005 - DATE AND TIME OF LATEST TRANSACTION
control field 20260127092937.0
008 - FIXED-LENGTH DATA ELEMENTS--GENERAL INFORMATION
fixed length control field 260127t1996 xxu||||| |||| 00| 0 eng d
020 ## - INTERNATIONAL STANDARD BOOK NUMBER
International Standard Book Number 0373707118
040 ## - CATALOGING SOURCE
Transcribing agency csu
100 ## - MAIN ENTRY--PERSONAL NAME
Personal name Early, Margot,
Relator term auhtor.
245 ## - TITLE STATEMENT
Title Mr. Family /
Statement of responsibility, etc by Margot Early.
260 ## - PUBLICATION, DISTRIBUTION, ETC. (IMPRINT)
Place of publication, distribution, etc U.S.A.:
Name of publisher, distributor, etc Harlequin Superromance,
Date of publication, distribution, etc c1996.
300 ## - PHYSICAL DESCRIPTION
Extent 296 pages.
650 ## - SUBJECT ADDED ENTRY--TOPICAL TERM
Topical term or geographic name as entry element Famiy -- Fiction.
942 ## - ADDED ENTRY ELEMENTS (KOHA)
Source of classification or shelving scheme
Koha item type Books
Holdings
Price effective from Permanent Location Date last seen Not for loan Date acquired Source of classification or shelving scheme Koha item type Lost status Withdrawn status Source of acquisition Collection code Damaged status Barcode Shelving location Current Location Full call number
2026-01-27Cagayan State University - Carig Library2026-01-27 2026-01-27 Books  DonationChildren Section C000489Children SectionCagayan State University - Carig LibraryCS 813 E119 1996

Cagayan State University University Library, Carig Campus
Tuguegarao City, Cagayan 3500 | www.csucarig.edu.ph

Powered by Koha